000 00847nam a2200181Ia 4500
008 151202s9999||||xx |||||||||||||| ||und||
082 _bPNVM-65627
100 _aभट्टाचार्य रिंकी /अनु./नरवणे सुधा.
245 _a"जननी माता ,कन्या,मातृत्व."
260 _b"डायमंड पब्लिकेशन,पुणे."
260 _c2008
300 _a176
600 _aभट्टाचार्य रिंकी /अनु./नरवणे सुधा.
630 _a"जननी माता ,कन्या,मातृत्व."
700 _aभट्टाचार्य रिंकी /अनु./नरवणे सुधा.
730 _a"जननी माता ,कन्या,मातृत्व."
942 _cBOOK
999 _c1332159
_d1332156